000 01186nam a22003255i 4500
001 15644
003 ES-MaACL
005 20251015185548.0
007 t|
008 000410s1993 sp ||||0| spa j
020 _a84-7509-943-2
040 _aM-BN
_bspa
_cM-BN
080 _a316:1
100 1 _aSchütz, Alfred.
_9104839
245 1 3 _aLa construcción significativa del mundo social
_b: introducción a la sociología comprensiva /
_cAlfred Schütz ; prólogo de Joan-Carles Mèlich para la presente edición ; [traducción de Eduardo J. Prieto].
250 _a1ª reimp.
260 _aBarcelona :
_bPaidós Ibérica,
_c1993.
300 _aXI, 279 p. ;
_c22 cm.
490 1 _aPaidós básica ;
_v67
504 _aBibliografía: p. 278-279.
595 _aReimp. de la 1ª ed. publicada con el tít.: Fenomenología del mundo social.
650 1 4 _aSociología-
_xFilosofía.
_917199
700 1 _aMèlich, Joan-Carles.
_979966
700 1 _aPrieto, Eduardo J.,
_d1916-
_993878
740 0 _aFenomenología del mundo social.
830 0 _aPaidós básica ;
_v67
_9178397
852 _aES-MaACL
_jL-22700
_bR.128185
999 _c15644
_d15644